Systems biology: Advances in molecular biology and medicine (Record no. 22789)

MARC details
000 -LEADER
fixed length control field 00476nam a2200169Ia 4500
008 - FIXED-LENGTH DATA ELEMENTS--GENERAL INFORMATION
fixed length control field 230917s9999||||xx |||||||||||||| ||und||
020 ## - ISBN
Price USD339.95
040 ## - CATALOGING SOURCE
-- 208902
Original cataloging agency VIVEKANANDA LIBRARY
041 ## - Language
-- English
082 ## - DDC NUMBER
Classification number 570 M576S
100 ## - MAIN ENTRY--PERSONAL NAME
Personal name Meyers, Robert A
245 #0 - TITLE STATEMENT
Title Systems biology: Advances in molecular biology and medicine
260 ## - PUBLICATION, DISTRIBUTION, ETC. (IMPRINT)
Place of publication, distribution, etc Weinheim
Name of publisher, distributor, etc Wiley-Blackwell
Date of publication, distribution, etc 2012
300 ## - PHYSICAL DESCRIPTION
Pages xv, 710 p.
500 ## - GENERAL NOTE
General note 2736 08/08/2013 5460 14/08/2013 Main Budget
942 ## - ADDED ENTRY ELEMENTS (KOHA)
Koha item type Books
Holdings
Withdrawn status Lost status Damaged status Not for loan Location (home branch) Sublocation or collection (holding branch) Date acquired Koha issues (times borrowed) Koha full call number Accession No. Koha date last seen Koha item type
        VIVEKANANDA LIBRARY VIVEKANANDA LIBRARY 12/11/2013   570 M576S 333885 17/09/2023 Books
        VIVEKANANDA LIBRARY VIVEKANANDA LIBRARY 12/11/2013   570 M576S 346300 17/09/2023 Books
© Designed and Maintained by Vivekananda Library, MDU Rohtak